000 00707nam a2200265Ia 4500
001 12296
005 20240113235351.0
007 ta
008 051007s1964 a g b000 u asm u
040 _aCotton College,Assam
041 _aasm
082 _a891.41
_bN 35 As
100 _aNeog, Maheshwar .
245 0 _aAsam Sahitya Sabha Barsiki 31st Session /
_cMaheshwar Neog.
_hTextual Documents
250 _a1st ed. /
260 _aJorhat :
_bAsam Sahitya Sabha ,
_c1964.
300 _a160p. :
_bill. ;
_c22cm .
653 _aAssamese Literature-Criticism
653 _aG-Assamese
942 _2ddc
_cBK
999 _c12282
_d12282